Doggy Word Ladder: From Bark to Bite Quiz Stats

 Plays Quiz not verified by Sporcle

Challenge
Share
Tweet
Embed
Score 0/12 Timer 05:00
0 Plays Today
Hint Answer % Correct
'His (this answer) is worse than his (last answer)BARK
100%
Not lightDARK
96.7%
His (first answer) is worse than his (this answer)BITE
96.7%
Pub game projectileDART
95.1%
American 10 centsDIME
93.4%
Fluid which aids digestionBILE
91.8%
Flowerbed materialDIRT
88.5%
A rounded vaultDOME
86.9%
Extremely urgent or seriousDIRE
85.2%
Where the heart isHOME
83.6%
A hollow place in a solid bodyHOLE
83.6%
Tree trunkBOLE
83.6%

You're not logged in!

Compare scores with friends on all Sporcle quizzes.
Join for Free
OR
Log In

You Might Also Like...

Show Comments

Extras

Top Quizzes Today


Score Distribution

Your Account Isn't Verified!

In order to create a playlist on Sporcle, you need to verify the email address you used during registration. Go to your Sporcle Settings to finish the process.

Report this User

Report this user for behavior that violates our Community Guidelines.

Details: